| 000 | 00478nam a2200181Ia 4500 | ||
|---|---|---|---|
| 003 | GCL | ||
| 008 | 140319s9999 xx 000 0 eng d | ||
| 040 |
_aGCL / _cGCL |
||
| 082 | 0 | 4 |
_a574.88 _bC P |
| 100 | 1 | _aCANN, ALAN J | |
| 245 | 1 | 0 |
_aPRINCIPLES OF MOLECULAR VIROLOGY / _cCANN, ALAN J |
| 260 |
_a[S.N] : _bHARCOURT BRACE & COMPANY,PUBLISHERS ، _c1993 |
||
| 300 | _a234 | ||
| 650 | 0 | 4 | _aBIOLOGY |
| 650 | 0 | 4 | _aPATHOGENESIS |
| 650 | 0 | 4 | _aMOLECULAR BIOLOGY |
| 942 |
_2ddc _cBK |
||
| 999 |
_c16839 _d16839 |
||